[Event "Aragon-chT Preferente B"]
[Site "Aragon"]
[Date "2017.02.11"]
[Round "3.55"]
[White "Sancho Casale, Jesus"]
[Black "Sanchez Perez, Jose Felix"]
[Result "1-0"]
[WhiteElo "1981"]
[BlackElo "1554"]
[PlyCount "37"]
[EventDate "2017.01.28"]
[EventType "team-tourn"]
[EventRounds "9"]
[EventCountry "ESP"]
[SourceTitle "EXT 2018"]
[Source "ChessBase"]
[SourceDate "2017.10.13"]
[SourceVersion "1"]
[SourceVersionDate "2017.10.13"]
[SourceQuality "1"]
[WhiteTeam "Tauste"]
[BlackTeam "Delicias II"]
[WhiteTeamCountry "ESP"]
[BlackTeamCountry "ESP"]

1. Nf3 Nc6 2. d4 d5 3. c4 e6 4. Nc3 Nf6 5. Bf4 a6 6. e3 Bd7 7. Bd3 Be7 8. Ne5 Nb4 9. Be2 dxc4 10. e4 b5 11. 0-0 c5 12. d5 0-0 13. d6 Bxd6 14. Qxd6 Nc2 15. Rad1 Nd4 16. Qxc5 Nxe2+ 17. Nxe2 Qc8 18. Nxd7 Nxd7 19. Qxc8 1-0